ბათუმის შოთა რუსთაველის სახელმწიფო უნივერსიტეტის ბიბლიოთეკა

ჩანაწერი Corporate Name

ჩანაწერთა რაოდენობა, რომელიც გამოყენებულია: 1

001 - CONTROL NUMBER

  • control field: 8107

003 - CONTROL NUMBER IDENTIFIER

  • control field: GE_BSU

005 - DATE AND TIME OF LATEST TRANSACTION

  • control field: 20200519230608.0

008 - FIXED-LENGTH DATA ELEMENTS

  • fixed length control field: 200519|| aca||aabn | a|a d

040 ## - CATALOGING SOURCE

  • Original cataloging agency: GE_BSU
  • Transcribing agency: GE_BSU

110 ## - HEADING--CORPORATE NAME

  • Corporate name or jurisdiction name as entry element: საქ. სსრ ი. გოგებაშვილის სახ. პედ. საზ-ბა

670 ## - SOURCE DATA FOUND

  • Source citation: Work cat.: (GE_BSU)52921: ზარდალიშვილი, გრიგოლ 8105, თბილისისა და მისი მიდამოების ტოპონიმია /